000 00594nam a2200229 a 4500
001 0001-1022
003 ELIB.Books
008 141029 2010 eng
020 _a97808054458443
035 _a(ELIB.Books)0001-1176
092 _a268.432
_bEck
100 _aEckel, Mark
245 _aPerspectives on your child's education
260 _aNashville:
_bB & H Academic
_c2009
300 _a129
_c21.5 Cm
650 _aChrsitian Education
856 _nKBTS; Library
_uKBTS; Elib.
942 _2ddc
_cBK
990 _a1
998 _cbat
_e2014-10-29
999 _c11022
_d11022